000 00263nam a2200109Ia 4500
008 200302s9999 xx 000 0 und d
100 _aKamal Shankar Srivastava
245 _aThe Art of Magadha
260 _bSangeeta Prakashan
260 _c1995
300 _a183 P.,
999 _c2467
_d2467